Pedagogía y educación : la crisis de la contemplación en la escuela moderna /

Gardado en:
Detalles Bibliográficos
Autor Principal: Caponnetto, Antonio (autor)
Formato: Libro
Idioma:Lingua castelá
Publicado: Guadalajara, México : Universidad Autónoma de Guadalajara, 2002, c2001
Series:(Folia Universitaria) [s.n.]
Temas:
Etiquetas: Engadir etiqueta
Sen Etiquetas, Sexa o primeiro en etiquetar este rexistro!

MARC

LEADER 00000nam^a2200000^a^4500
001 000315483
005 20250521000000.0
009 20260310113245.89
037 |a Acervo ITESO - Biblioteca 
041 |a ESP 
082 |a 370. 1  |b CAP 
100 |a Caponnetto, Antonio  |e (autor) 
245 1 0 |a Pedagogía y educación :  |b la crisis de la contemplación en la escuela moderna /  |c A. Caponnetto. 
264 4 |a Guadalajara, México :  |b Universidad Autónoma de Guadalajara,  |c 2002, c2001 
300 |a 307 p. 
336 |a texto  |b txt  |2 rdacontenido 
337 |a sin mediación  |b n  |2 rdamedio 
338 |a volumen  |b nc  |2 rdasoporte 
440 1 |a (Folia Universitaria) [s.n.] 
649 |a XX 
650 |a Currículo 
650 |a Tecnología Educativa 
650 |a Filosofía de la Educación -  |x Historia y Crítica -  |x Tema Principal 
650 |a Educación -  |x Historia y Crítica 
650 |a Política Educativa 
650 |a Educación -  |x Teoría 
910 |a Fondo General 
920 |a Impresos - Libros 
930 |a Colección General 
905 |a 101 
901 |a 0500202277  |b IT1  |c ACC  |i D56898  |u 20250521 
902 |a https://opac.biblio.iteso.mx/vufind/Record/000315483